مكتبة جامعة عجلون الوطنية

فهرس بحث المكتبة

التدريب الإلكتروني وأثره على زيادة كفاءة العاملين في المصارف الإسلامية الأردنية = Electronic Training and its Impact on Increasing the Efficiency of Employees in Jordanian Islamic Banks / (Record no. 33998)

MARC details
000 -LEADER
fixed length control field 01177nam a22002057a 4500
003 - CONTROL NUMBER IDENTIFIER
control field JO-AjAnu
005 - DATE AND TIME OF LATEST TRANSACTION
control field 20250929131603.0
008 - FIXED-LENGTH DATA ELEMENTS--GENERAL INFORMATION
fixed length control field 250928b jo ||||| |||| 00| 0 ara d
040 ## - CATALOGING SOURCE
Original cataloging agency JO-AjAnu
Language of cataloging ara
Transcribing agency JO-AjAnu
Modifying agency JO-AjAnu
Description conventions rda
041 #0 - LANGUAGE CODE
Language code of text/sound track or separate title ara
Language code of original ara
050 ## - LIBRARY OF CONGRESS CALL NUMBER
Classification number HG1615.5
Item number 2025
100 #1 - MAIN ENTRY--PERSONAL NAME
Personal name العنانزة، غسان فارس
Relator term معد
9 (RLIN) 66675
245 #0 - TITLE STATEMENT
Title التدريب الإلكتروني وأثره على زيادة كفاءة العاملين في المصارف الإسلامية الأردنية = Electronic Training and its Impact on Increasing the Efficiency of Employees in Jordanian Islamic Banks /
Statement of responsibility, etc. اعداد غسان فارس العنانزة ؛ اشراف قاسم موسى ابو عبيد
260 ## - PUBLICATION, DISTRIBUTION, ETC.
Place of publication, distribution, etc. 2025
300 ## - PHYSICAL DESCRIPTION
Extent 138 ورقة
504 ## - BIBLIOGRAPHY, ETC. NOTE
Bibliography, etc. note رسالة جامعية( رسالة ماجستير في المصارف الاسلامية)- جامعة عجلون الوطنية(عجلون، الاردن)- كلية الاعمال، قسم المصارف الاسلامية، 2025.
650 70 - SUBJECT ADDED ENTRY--TOPICAL TERM
Topical term or geographic name entry element البنوك الاسلامية - الموظفين.
9 (RLIN) 66676
700 #1 - ADDED ENTRY--PERSONAL NAME
Personal name ابو عبيد، قاسم موسى
Relator term مشرف
9 (RLIN) 66677
942 ## - ADDED ENTRY ELEMENTS (KOHA)
Source of classification or shelving scheme Library of Congress Classification
Koha item type Thesis
Suppress in OPAC No
Holdings
Withdrawn status Lost status Source of classification or shelving scheme Damaged status Not for loan Home library Current library Date acquired Total Checkouts Full call number Barcode Date last seen Price effective from Koha item type
    Library of Congress Classification     مكتبة جامعة عجلون الوطنية مكتبة جامعة عجلون الوطنية 28/09/2025   HG1615.5 2025 a30367 28/09/2025 28/09/2025 Thesis
    Library of Congress Classification     مكتبة جامعة عجلون الوطنية مكتبة جامعة عجلون الوطنية 28/09/2025   HG1615.5 2025 a30368 28/09/2025 28/09/2025 Thesis